Storming the world stage : the story of Lashkar-e-Taiba (Record no. 71395)
[ view plain ]
| 000 -LEADER | |
|---|---|
| fixed length control field | 00734nam a22001937a 4500 |
| 003 - CONTROL NUMBER IDENTIFIER | |
| control field | NUST - PNEC |
| 005 - DATE AND TIME OF LATEST TRANSACTION | |
| control field | 20170116181200.0 |
| 008 - FIXED-LENGTH DATA ELEMENTS--GENERAL INFORMATION | |
| fixed length control field | 160208b xxu||||| |||| 00| 0 eng d |
| 020 ## - INTERNATIONAL STANDARD BOOK NUMBER | |
| International Standard Book Number | 9781849040464 |
| 040 ## - CATALOGING SOURCE | |
| Transcribing agency | LIBRARY |
| 082 ## - DEWEY DECIMAL CLASSIFICATION NUMBER | |
| Classification number | 363.325095491 TAN |
| 100 ## - MAIN ENTRY--PERSONAL NAME | |
| 9 (RLIN) | 16277 |
| Personal name | Tankel, Stephen |
| 245 ## - TITLE STATEMENT | |
| Title | Storming the world stage : the story of Lashkar-e-Taiba |
| Statement of responsibility, etc. | Stephen Tankel |
| 260 ## - PUBLICATION, DISTRIBUTION, ETC. | |
| Place of publication, distribution, etc. | London: |
| Name of publisher, distributor, etc. | Hurt & Company; |
| Date of publication, distribution, etc. | c2011. |
| 300 ## - PHYSICAL DESCRIPTION | |
| Extent | 352 pages: |
| 650 ## - SUBJECT ADDED ENTRY--TOPICAL TERM | |
| 9 (RLIN) | 16278 |
| Topical term or geographic name entry element | Jamat al-Dawa Pakistan,Terrorism--Religious aspects--Islam |
| General subdivision | General |
| 856 ## - ELECTRONIC LOCATION AND ACCESS | |
| Uniform Resource Identifier | <a href="http://www.amazon.com/Storming-World-Stage-Story-Lashkar-E-Taiba/dp/184904046X/ref=sr_1_1?s=books&ie=UTF8&qid=1454910534&sr=1-1&keywords=9781849040464">http://www.amazon.com/Storming-World-Stage-Story-Lashkar-E-Taiba/dp/184904046X/ref=sr_1_1?s=books&ie=UTF8&qid=1454910534&sr=1-1&keywords=9781849040464</a> |
| 942 ## - ADDED ENTRY ELEMENTS (KOHA) | |
| Source of classification or shelving scheme | |
| Koha item type | Book |
| Withdrawn status | Lost status | Source of classification or shelving scheme | Materials specified (bound volume or other part) | Damaged status | Not for loan | Permanent Location | Current Location | Shelving location | Date acquired | Source of acquisition | Cost, normal purchase price | Total Checkouts | Full call number | Barcode | Date last seen | Cost, replacement price | Price effective from | Koha item type |
|---|---|---|---|---|---|---|---|---|---|---|---|---|---|---|---|---|---|---|
| Hardbound | Pakistan Navy Engineering College (PNEC) | Pakistan Navy Engineering College (PNEC) | 12/07/2015 | Capital Book Company / Ref Grant | 6870.24 | 363.325095491 TAN | PNECLIB-032522 | 02/08/2016 | 6870.24 | 12/07/2015 | Book |
